Statistical inference

Uloženo v:
Podrobná bibliografie
Hlavní autor: Casella, George
Další autoři: Berger, Roger L
Médium: Neznámo
Jazyk:angličtina
Vydáno: Delhi, India. Cengage Learning, 2002
Vydání:Second edition
Edice:Duxbury Advanced Series
Témata:
Tagy: Přidat tag
Žádné tagy, Buďte první, kdo vytvoří štítek k tomuto záznamu!

MARC

LEADER 00000 a2200000 4500
003 CL-VaPUC
005 20211130074411.0
008 200226b ||||| |||| 00| 0 eng d
999 |c 167712  |d 167710 
020 |a 9788131503942 
040 |c Pontificia Universidad Católica de Valparaíso 
082 |a 519.5 CAS 2002 
100 1 |a Casella, George  |9 222299 
245 1 0 |a Statistical inference 
250 |a Second edition 
260 3 |a Delhi, India.  |b Cengage Learning,  |c 2002 
300 |a 660 páginas 
490 0 |a Duxbury Advanced Series 
583 |k Sandra Vasquez  |c 20200226 
650 0 0 |a Estadística matemática  |9 260028 
650 0 0 |a Inferencia estadística  |9 312855 
700 1 |a Berger, Roger L  |9 719864 
942 |2 ddc  |c BK 
952 |0 0  |1 0  |2 ddc  |4 0  |6 519_500000000000000_CAS_2002  |7 0  |8 A  |9 551483  |a BIBGIM  |b BIBGIM  |d 2020-02-27  |e 59  |g 31198.00  |i 557319K  |l 3  |o 519.5 CAS 2002  |p 557319K  |r 2025-01-15  |s 2023-08-17  |t 1  |v 31198.00  |w 2020-02-27  |y BK  |k EST